LEADER 00634nam a2200181 i 4500 001 000000228717 003 CaOOAMICUS 005 20260224110613.0 008 140409s1974 it u000 u ita u 040 $aSeMil$bita 245 10$a13: Map-Misr. 300 $a722 p., 248 p. di tav. :$bill. 773 0 $tLessico universale italiano.$dRoma : Istituto della Enciclopedia Italiana, 1968-1998.$w()29697 850 $aSeMil 852 $aSeMil$W1$xVenegono$y1$mSL1.K II 13$j267531$B179063$CSeMilBibl$Z2$F190209 $8I 961 $aOmaggio: Altro 996 $6245$a13: Map-Misr$9(OLS)http://semarc/title/327360 LEADER 01271nam a2200277 4500 001 000000351780 003 CaOOAMICUS 005 20221005115208.0 008 221005s2017 xxk 000 u eng r 020 $a978-1-107-06205-4 040 $aSeMil$bita 245 00$aPractice /$cedited by Ellen Muehlberger. 264 1$aCambridge :$bCambridge University Press,$c2017. 300 $axix, 332 p. ;$c24 cm 490 1 $aThe Cambridge edition of early Christian writings ;$v2 650 4$aLetteratura cristiana primitiva.$0(OLS)http://semarc/subject/52510 650 4$aChiesa primitiva e delle origini - Teologia.$0(OLS)http://semarc/subject/3793 650 4$aTeologia pratica.$0(OLS)http://semarc/subject/48111 700 1 $aMuehlberger, Ellen.$0(OLS)http://semarc/name/116602 830 4$aThe Cambridge edition of early Christian writings ;$v2.$0(OLS)http://semarc/title/441585 850 $aSeMil 852 $aSeMil$W1$xVenegono$y1$m2T VI 7$j234684$B242965$CSeMilBibl$Z2$F242965 $81 996 $6020$a978-1-107-06205-4$9(OLS)http://semarc/number/296854 996 $6245$aPractice$9(OLS)http://semarc/title/441588 996 $6264$aCambridge :$bCambridge University Press$9(OLS)http://semarc/publisher/30298